Binnenkade, Alexandra, 1969-. Vertraut und fremd zugleich. - Köln [u.a.] : Böhlau. - 2009 [Rezension]
| Titel: | Binnenkade, Alexandra, 1969-. Vertraut und fremd zugleich. - Köln [u.a.] : Böhlau. - 2009 [Rezension] |
|---|---|
| Verfasser: | |
| In: |
Vierteljahrschrift für Sozial- und Wirtschaftsgeschichte, Band 98, Heft 4 (2011), Seite 494-495 alle Artikel anzeigen |
| Veröffentlicht: | 2011 |
| Format: | Aufsatz |
| Sprache: | Deutsch |
X
alg: 39506777
001A $01999:12-11-16
001B $01999:04-08-21 $t21:03:44.000
001D $01999:12-11-16
001U $0utf8
001X $00
002@ $0Aox
003@ $0395067774
007A $0395067774 $aHEB
007T $0Herdc0083463m
010@ $ager
011@ $a2011
021A $aBinnenkade, Alexandra, 1969-. Vertraut und fremd zugleich. - Köln {[u.a.] : Böhlau. - 2009 [Rezension]
028A $aHecker $dHans
031A $d98 $e4 $h494-495 $j2011
039B $aIn $8--Abvc--. Vierteljahrschrift für Sozial- und Wirtschaftsgeschichte. - Stuttgart : Steiner, 1903-. - ISSN 0042-5699 $x201100000980004506 $9047251867
039T $8--Aau--Binnenkade, Alexandra$Z1969- [Tp3]. Vertraut und fremd zugleich. - Köln {[u.a.] : Böhlau, 2009. - 216 S.. - Kt.. - ISBN 978-3-412-20177-7 $920232799X
045F $a900.9438 $eDDC23BSB
045F/01 $a900
045F/03 $g438
lok: 39506777 78
exp: 39506777 78 1 #EPN
201B/01 $018-11-16 $t13:38:57.000
201U/01 $0utf8
203@/01 $0791366413
208@/01 $a12-11-16 $be
209A/01 $a/ $f000 $x00
220C/01 $aTitelaufnehmer: pg
220C/01 $aHerkunft: HI Marburg
244Z/01 $2Trx $#Poola $#Lenkija $#Polija $#Polen Land $#Poland $#Lengyelország $#Poľsko $#Polsko $8--Trx--Polska$gkraj $x01 $9391345966
244Z/01 $2Trx $#arvustused $#recenzijos $#Reviews $#recenziók $#recenzje $#recenzie $#recenze $8--Trx--Rezensionen $x02 $9391357441
247C/01 $82080>Marburg/Lahn, Herder-Institut, Forschungsbibliothek, Bibliographieportal $9336309341
| LEADER | 00000caa a22000002c 4500 | ||
|---|---|---|---|
| 001 | 395067774 | ||
| 003 | DE-603 | ||
| 005 | 20210804210344.0 | ||
| 007 | tu | ||
| 008 | 161112s2011 xx |||| | u00||u|ger c | ||
| 035 | |a (DE-599)HEB395067774 | ||
| 040 | |a DE-603 |b ger |c DE-603 |d DE-603 | ||
| 041 | |a ger | ||
| 082 | 0 | 4 | |8 1\u |a 900.9438 |q DE-101 |2 23/BSB |
| 085 | |8 1\u |b 900 | ||
| 085 | |8 1\u |z 2 |s 438 | ||
| 100 | 1 | |a Hecker, Hans | |
| 245 | 0 | 0 | |a Binnenkade, Alexandra, 1969-. Vertraut und fremd zugleich. - Köln [u.a.] : Böhlau. - 2009 [Rezension] |
| 264 | 0 | |c 2011 | |
| 773 | 0 | 8 | |i In |t Vierteljahrschrift für Sozial- und Wirtschaftsgeschichte |d Stuttgart : Steiner, 1903- |x 0042-5699 |g Band 98, Heft 4 (2011), Seite 494-495 |w (DE-603)047251867 |w (DE-600)200400-8 |
| 787 | 0 | 8 | |i Rezension von |a Binnenkade, Alexandra, 1969- |t Vertraut und fremd zugleich |d Köln [u.a.] : Böhlau, 2009 |h 216 S., Kt. |z 9783412201777 |w (DE-603)20232799X |
| 924 | 0 | |9 2080 |a (DE-603)791366413 |b DE-2080 |c HES |d d |g / | |


